Normal view
MARC view
- QUAID AZAM SPEECHES AND STATEMENTS
Entry Topical Term
001 - CONTROL NUMBER
- control field: 61059
003 - CONTROL NUMBER IDENTIFIER
- control field: NUST
005 - DATE AND TIME OF LATEST TRANSACTION
- control field: 20210628202700.0
008 - FIXED-LENGTH DATA ELEMENTS
- fixed length control field: 210628|| aca||aabn | a|a d
040 ## - CATALOGING SOURCE
- Original cataloging agency: NUST
- Transcribing agency: NUST
150 ## - HEADING--TOPICAL TERM
- Topical term or geographic name entry element: QUAID AZAM SPEECHES AND STATEMENTS
670 ## - SOURCE DATA FOUND
- Source citation: Work cat.: (NUST): Waheed Ahmad 61058, The nation's voice, speeches of quaid-e-azam mohammad ali jinnah, 2003
